Envisioning information / (Record no. 523520)

000 -LEADER
fixed length control field 00794cam a2200253 a 4500
001 - CONTROL NUMBER
control field 3895920
003 - CONTROL NUMBER IDENTIFIER
control field NUST
005 - DATE AND TIME OF LATEST TRANSACTION
control field 20190328060009.0
008 - FIXED-LENGTH DATA ELEMENTS--GENERAL INFORMATION
fixed length control field 900928s1990 ctuab b 001 0 eng
010 ## - LIBRARY OF CONGRESS CONTROL NUMBER
LC control number 90166920
020 ## - INTERNATIONAL STANDARD BOOK NUMBER
Terms of availability $48.00
038 ## - RECORD CONTENT LICENSOR
Staff Name Nusrat Nadeem
040 ## - CATALOGING SOURCE
Original cataloging agency DLC
Transcribing agency DLC
Modifying agency DLC
050 00 - LIBRARY OF CONGRESS CALL NUMBER
Classification number P93.5
Item number .T84 1990
082 00 - DEWEY DECIMAL CLASSIFICATION NUMBER
Classification number 302.23
Edition number 20
100 1# - MAIN ENTRY--PERSONAL NAME
Personal name Tufte, Edward R.,
Dates associated with a name 1942-
9 (RLIN) 14022
245 10 - TITLE STATEMENT
Title Envisioning information /
Statement of responsibility, etc. Edward R. Tufte.
260 ## - PUBLICATION, DISTRIBUTION, ETC.
Place of publication, distribution, etc. Cheshire, Conn. (P.O. Box 430, Cheshire 06410) :
Name of publisher, distributor, etc. Graphics Press,
Date of publication, distribution, etc. c1990.
300 ## - PHYSICAL DESCRIPTION
Extent 126 p. :
Other physical details ill. (some col.), maps ;
Dimensions 28 cm.
504 ## - BIBLIOGRAPHY, ETC. NOTE
Bibliography, etc. note Includes bibliographical references and index.
650 #0 - SUBJECT ADDED ENTRY--TOPICAL TERM
Topical term or geographic name entry element Visual communication.
9 (RLIN) 14023
906 ## - LOCAL DATA ELEMENT F, LDF (RLIN)
a 7
b cbc
c orignew
d 2
e ncip
f 19
g y-gencatlg
942 ## - ADDED ENTRY ELEMENTS (KOHA)
Source of classification or shelving scheme
Koha item type Book
Holdings
Withdrawn status Lost status Source of classification or shelving scheme Damaged status Not for loan Permanent Location Current Location Shelving location Date acquired Total Checkouts Full call number Barcode Date last seen Price effective from Koha item type
          School of Interdisciplinary Engineering and Sciences (SINES) School of Interdisciplinary Engineering and Sciences (SINES) General Stacks 03/28/2019   302.23 TUF RCMS003111 03/28/2019 03/28/2019 Book
© 2023 Central Library, National University of Sciences and Technology. All Rights Reserved.